| 000 | 00507nam a22001577a 4500 | ||
|---|---|---|---|
| 999 |
_c532304 _d532304 |
||
| 020 | _qHard Cover. | ||
| 082 | _a620.1 | ||
| 100 | _aIqrar, Syed Atif. | ||
| 245 |
_aNumerical Simulation of two Particles in a bended Micro channel / _cSyed Atif Iqrar. |
||
| 260 |
_aIslamabad: _bSMME - NUST, _c2019. |
||
| 300 |
_a36 p. : ill. ; _c30cm. |
||
| 942 |
_2ddc _cTHE |
||
| 650 |
_aMechanical Engineering MS-Thesis. _916090 |
||
| 700 |
_aDr. Emad Uddin _916253 |
||